00565nmm a2200169Ia 4500008004100000020001800041041000800059100004000067245007500107264006900182300001800251490002200269650002900291856005100320942000700371999001700378251105s9999||||xx |||||||||||||||||und|| a9788481029901 aspa aGonzález Prieto, Francisco José 0aLa ciudad menguada : población y economía en Burgos, s. XVI y XVII a[Madrid, España] :bEdiciones Universidad de Cantabria, c2014 a316 páginas aCiencias Sociales aHistory of Europe: Spain uhttps://public.digitaliapublishing.com/a/38757 cCF c85776d85776